[Event "World Senior chT-65 2019"]
[Site "Rhodes"]
[Date "2019.04.19"]
[Round "4.41"]
[White "Vaisser, Anatoli"]
[Black "Scrimgour, Alan"]
[Result "1-0"]
[WhiteElo "2482"]
[BlackElo "2087"]
[PlyCount "45"]
[EventDate "2019.04.16"]
[EventType "team-tourn"]
[EventCountry "GRE"]

{[%evp 17,59,33,33,28,35,20,30,35,52,43,52,60,75,40,75,10,35,29,30,26,23,29,114,103,101,38,127,143,421,362,398,366,364,216,216,212,248,236,283,274,273,260,325,266]} 1. d4 Nf6 2. c4 e6 3. Nc3 Bb4 4. e3 O-O 5. Bd3 d5 6. Nf3 c5 7. O-O Nc6 8. cxd5 exd5 9. dxc5 Bxc5 10. b3 {E56: Nimzo-Indian: Rubinstein: Main Line: 7...Nc6} (10. h3 Be6 11. b3 Qe7 12. Bb2 Rfd8 13. Ne2 Ne4 14. Nfd4 Ne5 15. Nf4 Bxd4 16. Bxd4 Nxd3 17. Qxd3 Bf5 18. Qe2 {½-½ (48) Salem,A (2638)-Amin,B (2689) Riadh 2017}) 10... Re8 11. Bb2 a6 12. h3 {White has an edge.} Bf8 $146 ({Predecessor:} 12... Qd6 13. Rc1 Bd7 14. Ne2 Ne4 15. Nf4 Rad8 16. Bb1 Bc8 17. Nd2 Ba3 18. Qc2 Bxb2 19. Qxb2 Nxd2 20. Qxd2 {½-½ (44) Babula,V (2538)-Zilka,S (2530) Slovakia 2019}) 13. Ne2 Be6 14. Rc1 Ne4 15. Ned4 Nxd4 16. Bxd4 (16. Nxd4 $16 Qd6 17. Ne2 (17. Nxe6 Qxe6 18. Be2 Bc5 $14)) 16... Ba3 17. Rc2 Qe7 18. Qa1 f6 19. Rd1 Nc5 {[#]} (19... Rac8 $11) 20. Bxc5 $1 $16 Bxc5 21. Nd4 (21. Qb1 $16) 21... Ba3 (21... Bd7 $14) 22. Qb1 Qd7 $2 {[%mdl 8192] [#]} (22... g6 $16 {keeps fighting.}) 23. b4 {Played: Bd3xh7} 1-0

[Event "World Senior chT-65 2019"]
[Site "Rhodes"]
[Date "2019.04.19"]
[Round "4.42"]
[White "White, Alastair F"]
[Black "Seret, Jean-Luc"]
[Result "1/2-1/2"]
[WhiteElo "2108"]
[BlackElo "2332"]
[PlyCount "52"]
[EventDate "2019.04.16"]
[EventType "team-tourn"]
[EventCountry "GRE"]

{[%evp 11,52,21,15,5,14,-12,-14,-27,-3,-3,-5,-3,0,0,-7,0,0,-35,-33,-46,-15,-22,-24,-22,-23,-25,-24,-44,-46,-43,-33,-34,-33,-38,3,4,6,0,0,0,0,0,0]} 1. e4 b6 2. d4 Bb7 3. Bd3 Nf6 4. Qe2 e6 5. Nf3 c5 6. c3 d5 {[%cal Rd5e4]} 7. exd5 {B00: Queen's Fianchetto Defence, Nimzowitsch Defence} (7. e5 Nfd7 8. O-O Nc6 9. a3 c4 10. Bc2 Be7 11. Re1 b5 12. Nbd2 a5 13. Nf1 b4 14. Ng3 h5 15. axb4 axb4 16. Rxa8 Bxa8 {1-0 (63) Van Wely,L (2685)-Bauer,C (2640) Kuppenheim 2005}) 7... Qxd5 8. Bc4 $146 ({Predecessor:} 8. c4 Qd7 9. d5 Be7 10. Ne5 Qc8 11. dxe6 Qxe6 12. O-O Nc6 13. Nxc6 Qxc6 14. f3 O-O {½-½ (59) Ganichev,A (2154)-Churkin,V (2319) St Petersburg 2009}) 8... Qh5 9. Be3 Bxf3 10. Qxf3 Qxf3 11. gxf3 cxd4 12. Bxd4 Nbd7 13. Nd2 Bc5 14. Bxf6 Nxf6 15. Ne4 Nxe4 16. Bb5+ Ke7 17. fxe4 Rad8 18. Ke2 g5 19. f3 Kf6 20. Rad1 Ke5 21. Rxd8 Rxd8 $15 {KRB-KRB} 22. h4 g4 23. fxg4 {The position is equal.} Kxe4 24. Rh3 f5 25. gxf5 exf5 26. Bd3+ Ke5 {Accuracy: White = 51%, Black = 79%.} 1/2-1/2

[Event "World Senior chT-65 2019"]
[Site "Rhodes"]
[Date "2019.04.19"]
[Round "4.43"]
[White "Sharif, Mehrshad"]
[Black "Bhopal, Raj"]
[Result "1/2-1/2"]
[WhiteElo "2331"]
[BlackElo "1900"]
[PlyCount "85"]
[EventDate "2019.04.16"]
[EventType "team-tourn"]
[EventCountry "GRE"]
[TimeControl "40/5400+30:1800+30"]

1. Nf3 {[%emt 0:00:00]} Nf6 {[%emt 0:00:00]} 2. g3 {[%emt 0:00:00]} d5 {[%emt 0:00:34]} 3. Bg2 {[%emt 0:00:09]} c5 {[%emt 0:00:36]} 4. O-O {[%emt 0:00:27]} Nc6 {[%emt 0:00:16]} 5. d4 {[%emt 0:00:21]} e6 {[%emt 0:01:45]} 6. c4 {[%emt 0:00:28]} Be7 {[%emt 0:02:31]} 7. cxd5 {[%emt 0:00:43]} exd5 {[%emt 0:00:35]} 8. Nc3 {[%emt 0:00:54]} c4 {[%emt 0:04:59]} 9. Ne5 {[%emt 0:03:01]} O-O {[%emt 0:07:55]} 10. Bg5 {[%emt 0:03:33]} Be6 {[%emt 0:03:01]} 11. b3 {[%emt 0:08:34]} cxb3 {[%emt 0:15:40]} 12. Nxc6 {[%emt 0:01:03]} bxc6 {[%emt 0:00:11]} 13. axb3 {[%emt 0:00:30]} h6 {[%emt 0:04:56]} 14. Bxf6 {[%emt 0:00:40]} Bxf6 {[%emt 0:00:10]} 15. Na4 {[%emt 0:00:45]} Qd6 {[%emt 0:03:07]} 16. e3 {[%emt 0:03:07]} Rfb8 {[%emt 0:01:43]} 17. Qc2 {[%emt 0:09:02]} Bd7 {[%emt 0:02:42]} 18. Nc5 {[%emt 0:02:24]} Bd8 {[%emt 0:03:49]} 19. Rfc1 {[%emt 0:02:02]} Be8 {[%emt 0:01:11]} 20. h4 {[%emt 0:02:51]} a5 {[%emt 0:04:09]} 21. Bf1 {[%emt 0:02:07]} Bb6 {[%emt 0:02:50]} 22. Nd3 {[%emt 0:01:06]} Ra7 {[%emt 0:03:17]} 23. Qe2 {[%emt 0:06:06]} Re7 {[%emt 0:01:53]} 24. Qf3 {[%emt 0:02:03]} Re6 {[%emt 0:03:40]} 25. Bh3 {[%emt 0:06:49]} Rf6 {[%emt 0:01:08]} 26. Qh5 {[%emt 0:00:39]} Bc7 {[%emt 0:02:16]} 27. Rc3 {[%emt 0:00:43]} Bd7 {[%emt 0:02:45]} 28. Bxd7 {[%emt 0:02:15]} Qxd7 {[%emt 0:00:01]} 29. Kg2 {[%emt 0:01:42]} Rg6 {[%emt 0:03:44]} 30. Rac1 {[%emt 0:03:30]} Qe8 {[%emt 0:02:28]} 31. Ne1 {[%emt 0:16:35]} Rb6 {[%emt 0:02:06]} 32. Qf5 {[%emt 0:00:58]} Qb8 {[%emt 0:02:03]} 33. h5 {[%emt 0:03:45]} Rf6 {[%emt 0:01:25]} 34. Qd7 {[%emt 0:01:15]} Rd6 {[%emt 0:00:50]} 35. Qf5 {[%emt 0:01:19]} Rf6 {[%emt 0:00:12]} 36. Qd7 {[%emt 0:02:20]} Rd6 {[%emt 0:00:05]} 37. Qg4 {[%emt 0:00:16]} Rf6 {[%emt 0:02:35]} 38. Nf3 {[%emt 0:01:35]} Qe8 {[%emt 0:01:13]} 39. Ne1 {[%emt 0:02:19]} Bd6 {[%emt 0:01:23]} 40. Nd3 {[%emt 0:00:00]} Bb4 {[%emt 0:00:00]} 41. Nxb4 {[%emt 0:06:30]} axb4 {[%emt 0:07:57]} 42. Rc5 {[%emt 0:01:36]} Ra6 {[%emt 0:00:27]} 43. R1c2 {[%emt 0:09:34]} 1/2-1/2

[Event "World Senior chT-65 2019"]
[Site "Rhodes"]
[Date "2019.04.19"]
[Round "4.44"]
[White "Dawson, Alastair"]
[Black "Boudre, Jean-Pierre"]
[Result "0-1"]
[WhiteElo "1817"]
[BlackElo "2246"]
[PlyCount "52"]
[EventDate "2019.04.16"]
[EventType "team-tourn"]
[EventCountry "GRE"]
[TimeControl "40/5400+30:1800+30"]

1. d4 {[%emt 0:00:00]} Nf6 {[%emt 0:00:00]} 2. Nf3 {[%emt 0:00:00]} e6 {[%emt 0:00:00]} 3. Bg5 {[%emt 0:00:33]} c5 {[%emt 0:00:46]} 4. Bxf6 {[%emt 0:10:52]} Qxf6 {[%emt 0:02:47]} 5. e3 {[%emt 0:00:55]} Nc6 {[%emt 0:08:46]} 6. Be2 {[%emt 0:02:43]} d5 {[%emt 0:09:03]} 7. O-O {[%emt 0:00:43]} cxd4 {[%emt 0:04:29]} 8. exd4 {[%emt 0:01:23]} Bd6 {[%emt 0:00:04]} 9. c3 {[%emt 0:01:20]} O-O {[%emt 0:00:14]} 10. Nbd2 {[%emt 0:02:41]} Bd7 {[%emt 0:00:16]} 11. Bd3 {[%emt 0:01:57]} Qh6 {[%emt 0:05:04]} 12. Re1 {[%emt 0:03:07]} f6 {[%emt 0:06:47]} 13. Bf1 {[%emt 0:13:20]} Kh8 {[%emt 0:01:16]} 14. g3 {[%emt 0:08:03]} g5 {[%emt 0:00:32]} 15. Bg2 {[%emt 0:01:35]} g4 {[%emt 0:03:34]} 16. Nh4 {[%emt 0:00:15]} f5 {[%emt 0:00:02]} 17. Bh1 {[%emt 0:10:09]} f4 {[%emt 0:06:14]} 18. Ng2 {[%emt 0:06:38]} fxg3 {[%emt 0:10:21]} 19. fxg3 {[%emt 0:02:09]} e5 {[%emt 0:00:13]} 20. Nf1 {[%emt 0:00:49]} exd4 {[%emt 0:00:28]} 21. cxd4 {[%emt 0:00:19]} Qf6 {[%emt 0:00:14]} 22. Nf4 {[%emt 0:05:28]} Bxf4 {[%emt 0:01:10]} 23. gxf4 {[%emt 0:00:05]} Qxf4 {[%emt 0:00:03]} 24. Bxd5 {[%emt 0:00:44]} Nxd4 {[%emt 0:00:35]} 25. Re4 {[%emt 0:09:07]} Qf2+ {[%emt 0:00:10]} 26. Kh1 {[%emt 0:00:02]} Nf3 {[%emt 0:00:23]} 0-1

[Event "World Senior chT-65 2019"]
[Site "Rhodes"]
[Date "2019.04.19"]
[Round "4.45"]
[White "Rantanen, Veikko"]
[Black "Morriss, Pete"]
[Result "0-1"]
[WhiteElo "1971"]
[BlackElo "1968"]
[PlyCount "54"]
[EventDate "2019.04.16"]
[EventType "team-tourn"]
[EventCountry "GRE"]
[TimeControl "40/5400+30:1800+30"]

1. c4 {[%emt 0:00:00]} Nf6 2. g3 {[%emt 0:00:50]} e6 {[%emt 0:00:22]} 3. Bg2 {[%emt 0:00:57]} c5 {[%emt 0:00:31]} 4. Nf3 {[%emt 0:00:24]} Be7 {[%emt 0:01:57]} 5. O-O {[%emt 0:00:36]} O-O {[%emt 0:00:24]} 6. Nc3 {[%emt 0:01:15]} Nc6 7. d4 {[%emt 0:01:13]} d5 8. cxd5 {[%emt 0:02:45]} exd5 {[%emt 0:10:55]} 9. dxc5 {[%emt 0:00:30]} Bxc5 {[%emt 0:00:00]} 10. Bg5 Be6 {[%emt 0:10:19]} 11. Rc1 {[%emt 0:01:53]} Be7 {[%emt 0:08:25]} 12. Nd4 {[%emt 0:06:37]} Nxd4 {[%emt 0:00:25]} 13. Qxd4 {[%emt 0:00:05]} h6 {[%emt 0:01:42]} 14. Bd2 {[%emt 0:20:10]} b6 15. b4 {[%emt 0:12:53]} Qd7 {[%emt 0:04:56]} 16. a3 {[%emt 0:00:00]} Rad8 17. Rfd1 {[%emt 0:04:23]} Ng4 18. Qd3 {[%emt 0:10:04]} Ne5 {[%emt 0:07:56]} 19. Qa6 {[%emt 0:00:00]} d4 20. Nb5 {[%emt 0:04:21]} Bc4 {[%emt 0:00:46]} 21. a4 {[%emt 0:00:00]} Bxe2 22. Re1 {[%emt 0:03:55]} Nf3+ {[%emt 0:02:43]} 23. Bxf3 {[%emt 0:00:00]} Bxf3 {[%emt 0:00:27]} 24. Nc7 {[%emt 0:00:00]} Rc8 25. Qd3 {[%emt 0:00:24]} Bb7 26. Bf4 {[%emt 0:02:44]} Bxb4 {[%emt 0:01:25]} 27. Red1 {[%emt 0:18:31]} Bc5 {[%emt 0:23:17]} 0-1

[Event "World Senior chT-65 2019"]
[Site "Rhodes"]
[Date "2019.04.19"]
[Round "4.46"]
[White "Murray, Jim G."]
[Black "Ranki, Martti"]
[Result "1/2-1/2"]
[WhiteElo "1845"]
[BlackElo "1940"]
[PlyCount "38"]
[EventDate "2019.04.16"]
[EventType "team-tourn"]
[EventCountry "GRE"]
[TimeControl "40/5400+30:1800+30"]

1. e4 {[%emt 0:00:00]} c5 {[%emt 0:00:00]} 2. Nf3 {[%emt 0:00:00]} Nc6 {[%emt 0:00:00]} 3. d4 {[%emt 0:00:00]} cxd4 {[%emt 0:00:00]} 4. Nxd4 {[%emt 0:00:00]} d6 {[%emt 0:00:11]} 5. c4 {[%emt 0:00:34]} Nf6 {[%emt 0:00:31]} 6. Nc3 {[%emt 0:00:14]} g6 {[%emt 0:00:20]} 7. Be2 {[%emt 0:01:22]} Bd7 {[%emt 0:00:33]} 8. Be3 {[%emt 0:01:35]} Bg7 {[%emt 0:00:15]} 9. O-O {[%emt 0:01:27]} O-O {[%emt 0:00:09]} 10. Rc1 {[%emt 0:03:57]} Rc8 {[%emt 0:02:15]} 11. f3 {[%emt 0:07:24]} b6 {[%emt 0:07:27]} 12. Qd2 {[%emt 0:08:54]} Re8 {[%emt 0:06:08]} 13. Rfd1 {[%emt 0:04:06]} Nxd4 {[%emt 0:01:25]} 14. Bxd4 {[%emt 0:00:01]} Bc6 {[%emt 0:00:55]} 15. Be3 {[%emt 0:19:06]} Qc7 {[%emt 0:00:46]} 16. Nd5 {[%emt 0:09:14]} Qb8 {[%emt 0:06:12]} 17. Bg5 {[%emt 0:02:18]} Bxd5 {[%emt 0:01:35]} 18. cxd5 {[%emt 0:00:44]} Rxc1 {[%emt 0:03:14]} 19. Rxc1 {[%emt 0:00:22]} Rc8 {[%emt 0:00:27]} 1/2-1/2

[Event "World Senior chT-65 2019"]
[Site "Rhodes"]
[Date "2019.04.19"]
[Round "4.47"]
[White "Alkkiomaki, Jyrki"]
[Black "Gibson, John F."]
[Result "1-0"]
[WhiteElo "1908"]
[BlackElo "1818"]
[PlyCount "65"]
[EventDate "2019.04.16"]
[EventType "team-tourn"]
[EventCountry "GRE"]
[TimeControl "40/5400+30:1800+30"]

1. e4 {[%emt 0:00:12]} g6 {[%emt 0:00:00]} 2. d4 {[%emt 0:00:04]} Bg7 {[%emt 0:00:00]} 3. Nc3 {[%emt 0:00:32]} d6 {[%emt 0:00:00]} 4. Bd3 {[%emt 0:00:17]} a6 {[%emt 0:00:14]} 5. Be3 {[%emt 0:00:33]} Nc6 {[%emt 0:00:49]} 6. Nge2 {[%emt 0:00:17]} b5 {[%emt 0:01:25]} 7. a3 {[%emt 0:04:29]} Nf6 {[%emt 0:00:28]} 8. h3 {[%emt 0:01:08]} Rb8 {[%emt 0:01:00]} 9. Qd2 {[%emt 0:03:53]} e5 {[%emt 0:04:28]} 10. d5 {[%emt 0:00:56]} Ne7 {[%emt 0:00:24]} 11. O-O {[%emt 0:02:25]} O-O {[%emt 0:01:08]} 12. Rfb1 {[%emt 0:06:46]} Nd7 {[%emt 0:04:00]} 13. b4 {[%emt 0:09:15]} f5 {[%emt 0:06:23]} 14. f3 {[%emt 0:02:50]} Nb6 {[%emt 0:03:46]} 15. a4 {[%emt 0:03:33]} bxa4 {[%emt 0:03:11]} 16. Nxa4 {[%emt 0:01:26]} Qd7 {[%emt 0:18:40]} 17. Nxb6 {[%emt 0:05:50]} cxb6 {[%emt 0:00:06]} 18. Bxa6 {[%emt 0:00:28]} Bxa6 {[%emt 0:00:31]} 19. Rxa6 {[%emt 0:00:10]} Qb5 {[%emt 0:00:10]} 20. Ra7 {[%emt 0:04:32]} Nc8 {[%emt 0:10:34]} 21. Rxg7+ {[%emt 0:09:45]} Kxg7 {[%emt 0:00:08]} 22. Bh6+ {[%emt 0:00:04]} Kg8 {[%emt 0:00:07]} 23. Bxf8 {[%emt 0:00:08]} Kxf8 {[%emt 0:00:04]} 24. exf5 {[%emt 0:00:19]} gxf5 {[%emt 0:00:16]} 25. Qh6+ {[%emt 0:00:29]} Kg8 {[%emt 0:00:11]} 26. Qg5+ {[%emt 0:00:40]} Kh8 {[%emt 0:03:32]} 27. Qf6+ {[%emt 0:00:18]} Kg8 {[%emt 0:00:08]} 28. Ng3 {[%emt 0:00:18]} Qd7 {[%emt 0:06:27]} 29. Nxf5 {[%emt 0:00:22]} h5 {[%emt 0:00:13]} 30. Qg6+ {[%emt 0:07:25]} Kf8 {[%emt 0:05:35]} 31. Qxh5 {[%emt 0:01:13]} Ra8 {[%emt 0:03:16]} 32. Qh8+ {[%emt 0:00:28]} Kf7 {[%emt 0:00:04]} 33. Qg7+ {[%emt 0:00:06]} 1-0

[Event "World Senior chT-65 2019"]
[Site "Rhodes"]
[Date "2019.04.20"]
[Round "5.2"]
[White "Balashov, Yuri S"]
[Black "Rantanen, Yrjo A."]
[Result "1/2-1/2"]
[WhiteElo "2470"]
[BlackElo "2283"]
[Annotator "ChessBase"]
[PlyCount "108"]
[EventDate "2019.04.16"]
[EventType "team-tourn"]
[EventCountry "GRE"]
[SourceTitle "playchess.com"]
[Source "ChessBase"]
[SourceQuality "1"]
[WhiteTeam "Russia"]
[BlackTeam "Finland"]
[WhiteTeamCountry "RUS"]
[BlackTeamCountry "FIN"]
[TimeControl "40/5400+30:1800+30"]

1. c4 {[%emt 0:00:00]} c5 {[%emt 0:00:05]} 2. Nf3 {[%emt 0:00:00]} Nf6 {[%emt 0:02:58]} 3. Nc3 {[%emt 0:00:00]} e6 {[%emt 0:09:26]} 4. g3 {[%emt 0:00:29]} d5 {[%emt 0:00:46]} 5. cxd5 {[%emt 0:00:13]} exd5 {[%emt 0:00:17]} 6. d4 {[%emt 0:00:08]} Nc6 {[%emt 0:00:57]} 7. Bg2 {[%emt 0:00:10]} Be7 {[%emt 0:00:08]} 8. O-O {[%emt 0:00:14]} O-O {[%emt 0:00:10]} 9. dxc5 {[%emt 0:01:51]} Bxc5 {[%emt 0:00:59]} 10. a3 {[%emt 0:00:26]} h6 {[%emt 0:14:11]} 11. b4 {[%emt 0:00:28]} Bb6 {[%emt 0:02:35]} 12. Bb2 {[%emt 0:00:37]} Re8 {[%emt 0:04:11]} 13. Rc1 {[%emt 0:02:54]} Bf5 {[%emt 0:07:32]} 14. Na4 {[%emt 0:09:46]} Be4 {[%emt 0:01:20]} 15. Nc5 {[%emt 0:03:04]} Bxc5 {[%emt 0:06:59]} 16. Rxc5 {[%emt 0:03:28]} Nd7 {[%emt 0:06:29]} 17. Rc1 {[%emt 0:02:10]} Qb6 {[%emt 0:05:32]} 18. Bh3 {[%emt 0:07:27]} Rad8 {[%emt 0:09:58]} 19. Nd2 {[%emt 0:02:57]} Bg6 {[%emt 0:04:07]} 20. Bg2 {[%emt 0:06:23]} Qb5 {[%emt 0:05:21]} 21. Re1 {[%emt 0:02:46]} a5 {[%emt 0:00:36]} 22. Bc3 {[%emt 0:11:07]} axb4 {[%emt 0:00:52]} 23. axb4 {[%emt 0:01:53]} Nde5 {[%emt 0:02:07]} 24. Nf3 {[%emt 0:04:19]} Nxf3+ {[%emt 0:00:48]} 25. Bxf3 {[%emt 0:00:12]} Be4 {[%emt 0:01:48]} 26. Bxe4 {[%emt 0:02:06]} Rxe4 {[%emt 0:00:54]} 27. Qd3 {[%emt 0:03:59]} Qxd3 {[%emt 0:04:13]} 28. exd3 {[%emt 0:00:06]} Rxe1+ {[%emt 0:00:07]} 29. Rxe1 {[%emt 0:01:25]} d4 {[%emt 0:02:14]} 30. Bd2 {[%emt 0:00:20]} Rd5 {[%emt 0:00:16]} 31. f4 {[%emt 0:01:04]} f5 {[%emt 0:00:38]} 32. Kf2 {[%emt 0:00:54]} Kf7 {[%emt 0:00:11]} 33. Kf3 {[%emt 0:00:21]} Rb5 {[%emt 0:02:36]} 34. h3 {[%emt 0:00:28]} h5 {[%emt 0:00:29]} 35. g4 {[%emt 0:00:38]} hxg4+ {[%emt 0:00:59]} 36. hxg4 {[%emt 0:00:05]} fxg4+ {[%emt 0:01:03]} 37. Kxg4 {[%emt 0:00:06]} g5 {[%emt 0:01:55]} 38. fxg5 {[%emt 0:04:04]} Ne5+ {[%emt 0:00:14]} 39. Kh5 {[%emt 0:00:30]} Nxd3 {[%emt 0:00:44]} 40. Rf1+ {[%emt 0:00:00]} Kg7 {[%emt 0:00:00]} 41. Rf3 {[%emt 0:03:41]} Nb2 {[%emt 0:18:58]} 42. Rf4 {[%emt 0:00:19]} Rd5 {[%emt 0:06:42]} 43. Rxd4 {[%emt 0:00:39]} Rxd4 {[%emt 0:00:01]} 44. Bc3 {[%emt 0:00:08]} Kf7 {[%emt 0:00:12]} 45. Bxd4 {[%emt 0:00:23]} Nd3 {[%emt 0:00:16]} 46. g6+ {[%emt 0:00:55]} Kg8 {[%emt 0:00:07]} 47. Bc5 {[%emt 0:01:19]} b5 {[%emt 0:02:05]} 48. Kg5 {[%emt 0:00:49]} Ne1 {[%emt 0:01:04]} 49. Kf5 {[%emt 0:02:07]} Nc2 {[%emt 0:00:59]} 50. Kf6 {[%emt 0:00:44]} Ne1 {[%emt 0:00:36]} 51. Bd4 {[%emt 0:04:09]} Nc2 {[%emt 0:00:23]} 52. Bc3 {[%emt 0:00:23]} Kf8 {[%emt 0:00:26]} 53. Kf5 {[%emt 0:01:39]} Kg8 {[%emt 0:00:19]} 54. Ke4 {[%emt 0:02:41]} Kf8 {[%emt 0:00:20] Kd4 [%emt 00:01:11]} 1/2-1/2

[Event "World Senior chT-65 2019"]
[Site "Rhodes"]
[Date "2019.04.20"]
[Round "5.3"]
[White "Kivimaki, Jaakko"]
[Black "Rashkovsky, Nukhim N"]
[Result "1/2-1/2"]
[WhiteElo "2165"]
[BlackElo "2488"]
[Annotator "TA"]
[PlyCount "38"]
[EventDate "2019.04.16"]
[EventType "team-tourn"]
[EventCountry "GRE"]
[SourceTitle "playchess.com"]
[Source "ChessBase"]
[SourceQuality "1"]
[WhiteTeam "Finland"]
[BlackTeam "Russia"]
[WhiteTeamCountry "FIN"]
[BlackTeamCountry "RUS"]

{[%evp 9,38,-7,-8,-8,-8,-7,6,-4,-4,-5,-6,-12,-6,-9,0,0,0,0,0,0,0,0,0,-17,-15,-16,0,-55,-53,-45,-31]} 1. Nf3 Nf6 2. d4 e6 3. Bg5 h6 4. Bh4 b6 5. h3 (5. e3 Bb7 6. Bd3 Be7 7. Nbd2 d6 8. c3 Nbd7 9. Qe2 a6 10. e4 Nh5 11. Bg3 c5 12. Rd1 Qc7 13. a3 b5 14. O-O Nxg3 15. hxg3 e5 {0-1 (48) Grandelius,N (2643)-Zhigalko,S (2671) Tallinn 2016}) 5... Bb7 6. Nbd2 {A46: 1 d4 Nf6 2 Nf3 e6: Torre, London and Colle Systems} d5 $146 ({Predecessor:} 6... c5 7. e3 Nc6 8. c3 Be7 9. Bd3 O-O 10. O-O d5 11. Re1 Rc8 12. Qe2 Ne4 13. Bxe7 Nxe7 {½-½ (46) Zelovic,V (2391)-Bush,F (2339) ICCF email 2007}) 7. e3 Nbd7 8. Bd3 {The position is equal.} Be7 9. Bg3 Ne4 10. Bh2 O-O 11. O-O c5 12. c3 $1 a5 13. Qc2 {[%cal Rd2e4]} Nxd2 14. Qxd2 c4 15. Bc2 b5 {[%cal Bb6b5,Bb5b4,Bb4b3][%mdl 32]} 16. Ne5 b4 17. f4 a4 18. a3 ({White should try} 18. cxb4 $11 a3 19. Qc3) 18... b3 $15 19. Bd1 f5 {Accuracy: White = 54%, Black = 53%.} 1/2-1/2

[Event "World Senior chT-65 2019"]
[Site "Rhodes"]
[Date "2019.04.20"]
[Round "5.4"]
[White "Zhelnin, Vladimir V"]
[Black "Meskanen, Vesa"]
[Result "1-0"]
[WhiteElo "2429"]
[BlackElo "2042"]
[Annotator "NA"]
[PlyCount "57"]
[EventDate "2019.04.16"]
[EventType "team-tourn"]
[EventCountry "GRE"]
[SourceTitle "playchess.com"]
[Source "ChessBase"]
[SourceQuality "1"]
[WhiteTeam "Russia"]
[BlackTeam "Finland"]
[WhiteTeamCountry "RUS"]
[BlackTeamCountry "FIN"]
[TimeControl "40/5400+30:1800+30"]

1. e4 {[%emt 0:00:00]} c5 {[%emt 0:00:00]} 2. Nf3 {[%emt 0:00:58]} d6 {[%emt 0:00:00]} 3. c3 {[%emt 0:00:34]} Nf6 {[%emt 0:00:59]} 4. Bd3 {[%emt 0:00:08]} g6 {[%emt 0:02:13]} 5. O-O {[%emt 0:00:07]} Bg7 {[%emt 0:00:07]} 6. Bc2 {[%emt 0:00:27]} O-O {[%emt 0:01:40]} 7. Re1 {[%emt 0:01:22]} Nc6 {[%emt 0:04:24]} 8. h3 {[%emt 0:02:40]} Qc7 {[%emt 0:06:50]} 9. d3 {[%emt 0:05:53]} Rb8 {[%emt 0:03:38]} 10. Nbd2 {[%emt 0:04:53]} b5 $11 {[%emt 0:04:40]} 11. Nf1 {[%emt 0:02:05]} Nd7 {[%emt 0:08:28]} 12. Ne3 {[%emt 0:01:56]} e6 {[%emt 0:06:28]} 13. d4 {[%emt 0:08:27]} Ne7 {[%emt 0:11:51]} 14. Ng4 {[%emt 0:11:41]} b4 {[%emt 0:20:52]} 15. Bh6 {[%emt 0:06:14]} Bxh6 {[%emt 0:05:08]} 16. Nxh6+ {[%emt 0:00:30]} Kg7 {[%emt 0:00:01]} 17. Qd2 {[%emt 0:07:11]} Ba6 {[%emt 0:04:14]} 18. Ng4 {[%emt 0:16:51]} Ng8 {[%emt 0:00:40]} 19. e5 {[%emt 0:03:03]} d5 {[%emt 0:02:41]} 20. h4 {[%emt 0:01:44]} h5 {[%emt 0:00:28]} 21. Ne3 {[%emt 0:00:11]} Nh6 {[%emt 0:00:33]} 22. Ng5 {[%emt 0:01:05]} Qa5 {[%emt 0:01:22]} 23. Nxd5 {[%emt 0:10:35]} exd5 {[%emt 0:02:01]} 24. e6 {[%emt 0:00:32]} Nf6 {[%emt 0:03:10]} 25. exf7 {[%emt 0:00:28]} Rxf7 {[%emt 0:02:20]} 26. Qf4 {[%emt 0:04:27]} Rbf8 {[%emt 0:02:56]} 27. Ne6+ {[%emt 0:00:35]} Kh7 {[%emt 0:00:41]} 28. Nxf8+ {[%emt 0:00:16]} Rxf8 {[%emt 0:00:03]} 29. Re7+ {[%emt 0:00:12]} 1-0

[Event "World Senior chT-65 2019"]
[Site "Rhodes"]
[Date "2019.04.20"]
[Round "5.5"]
[White "Birnboim, Nathan"]
[Black "Faibisovich, Vadim Z"]
[Result "1-0"]
[WhiteElo "2365"]
[BlackElo "2302"]
[Annotator "NA"]
[PlyCount "89"]
[EventDate "2019.04.16"]
[EventType "team-tourn"]
[EventCountry "GRE"]
[SourceTitle "playchess.com"]
[Source "ChessBase"]
[SourceQuality "1"]
[WhiteTeam "Israel"]
[BlackTeam "Russia"]
[WhiteTeamCountry "ISR"]
[BlackTeamCountry "RUS"]
[TimeControl "40/5400+30:1800+30"]

1. d4 {[%emt 0:00:00]} Nf6 {[%emt 0:00:00]} 2. c4 {[%emt 0:00:00]} e6 {[%emt 0:00:25]} 3. g3 {[%emt 0:00:02]} d5 {[%emt 0:01:08]} 4. Bg2 {[%emt 0:00:29]} Be7 {[%emt 0:06:53]} 5. Nf3 {[%emt 0:00:08]} O-O {[%emt 0:03:08]} 6. O-O {[%emt 0:00:04]} c6 {[%emt 0:02:08]} 7. Qc2 {[%emt 0:00:33]} Nbd7 {[%emt 0:02:26]} 8. b3 {[%emt 0:00:33]} b6 {[%emt 0:08:06]} 9. Rd1 {[%emt 0:00:34]} Bb7 {[%emt 0:03:15]} 10. Nc3 {[%emt 0:00:31]} Rc8 {[%emt 0:01:01]} 11. e4 {[%emt 0:00:24]} dxe4 {[%emt 0:03:09]} 12. Nxe4 {[%emt 0:00:10]} Nxe4 {[%emt 0:05:57]} 13. Qxe4 {[%emt 0:00:07]} Nf6 {[%emt 0:00:47]} 14. Qc2 {[%emt 0:00:15]} Qc7 {[%emt 0:13:02]} 15. Bf4 {[%emt 0:00:09]} Bd6 {[%emt 0:01:05]} 16. Bxd6 {[%emt 0:08:45]} Qxd6 {[%emt 0:00:09]} 17. c5 {[%emt 0:00:23]} Qc7 {[%emt 0:04:27]} 18. Ne5 {[%emt 0:03:27]} Rfd8 {[%emt 0:06:54]} 19. b4 {[%emt 0:04:50]} Nd5 {[%emt 0:03:28]} 20. Qb2 {[%emt 0:02:18]} Ba6 {[%emt 0:07:39]} 21. Rdc1 {[%emt 0:06:56]} f6 {[%emt 0:01:35]} 22. Nf3 {[%emt 0:05:10]} Bd3 {[%emt 0:01:31]} 23. Nd2 {[%emt 0:12:10]} Rb8 {[%emt 0:03:28]} 24. a3 {[%emt 0:10:30]} a5 {[%emt 0:01:25]} 25. Bxd5 {[%emt 0:14:14]} Rxd5 {[%emt 0:00:11]} 26. Qc3 {[%emt 0:00:29]} Bf5 {[%emt 0:02:08]} 27. cxb6 {[%emt 0:01:30]} Qxb6 {[%emt 0:01:27]} 28. Nc4 {[%emt 0:00:59]} Qxd4 {[%emt 0:06:25]} 29. Qxd4 {[%emt 0:00:41]} Rxd4 {[%emt 0:00:08]} 30. Nxa5 {[%emt 0:00:02]} Be4 {[%emt 0:00:43]} 31. Nxc6 {[%emt 0:00:40]} Bxc6 {[%emt 0:00:10]} 32. Rxc6 {[%emt 0:00:06]} e5 {[%emt 0:00:49]} 33. Rc7 {[%emt 0:00:46]} h5 {[%emt 0:01:44]} 34. h4 {[%emt 0:00:12]} Rg4 {[%emt 0:01:23]} 35. Rac1 {[%emt 0:03:24]} Kh7 {[%emt 0:00:36]} 36. R1c4 {[%emt 0:04:17]} e4 {[%emt 0:00:57]} 37. Re7 {[%emt 0:05:02]} f5 {[%emt 0:02:43]} 38. Re5 {[%emt 0:03:02]} Ra8 {[%emt 0:01:54]} 39. Rc3 {[%emt 0:00:54]} Rf8 {[%emt 0:02:21]} 40. b5 {[%emt 0:00:00]} f4 {[%emt 0:00:00]} 41. Rxh5+ {[%emt 0:00:46]} Kg6 {[%emt 0:01:41]} 42. Rg5+ {[%emt 0:00:26]} Rxg5 {[%emt 0:00:22]} 43. hxg5 {[%emt 0:00:06]} Kxg5 {[%emt 0:02:21]} 44. b6 {[%emt 0:01:29]} Rb8 {[%emt 0:03:05]} 45. Rb3 {[%emt 0:01:04]} 1-0